• 首页
  • 本馆介绍
  • 公告通知
  • 最新文献
  • 馆藏检索
  • 电子资源
  • 读者导购
  • 参考咨询
  • 我的图书馆
  • 登录
  • 详细信息显示
  • 放入我的书架
  • 随书关联资源信息
  • 预约/预借图书
  • 作者相关作品
  • 分类相关作品
  • 丛书相关作品
  • 出版社相关作品

书目信息

  • 表格格式
  • 工作单格式
  • 卡片格式
题名:
ANSYS 10.0有限元分析自学手册
    
 
作者: 邓凡平 编著
分册:  
出版信息: 北京   人民邮电出版社  2007
页数: 455页
开本: 26cm
丛书名:
单 册:
中图分类: O241.82
科图分类:
主题词: 有限元分析 , 应用软件 , 有限元分析--应用软件
电子资源:
ISBN: 978-7-115-15405-7
000 00932nam0 2200265 450
001 0709000067
005 20070531130506.96
010    @a978-7-115-15405-7@dCNY49.00@z7115154058
100    @a20060104d2007 em y0chiy0110 ea
101 0  @achi
102    @aCN@b110000
105    @ay z 000yy
200 1  @aANSYS 10.0有限元分析自学手册@AANSYS 10.0 you xian yuan fen xi zi xue shou ce@f邓凡平编著
210    @a北京@c人民邮电出版社@d2007
215    @a455页@d26cm@e附光盘2片
307    @a附光盘:ISBN 7-89488-244-5
330    @a本书介绍了利用ANSYS 10.0进行有限元分析的相关基础知识,包括ANSYS 基本流程、实体建模、划分网格、加载与求解、通用后处理、时间历程后处理以及ANSYS 高级操作等内容。
606 0  @a有限元分析
606 0  @a应用软件
606 0  @a有限元分析@x应用软件
610 0  @aANSYS
690    @aO241.82@v4
701  0 @a邓凡平@Adeng fan ping@c(计算机)@4编著
801  0 @aCN@bNLC@c20070531
905    @a10447@dO241.82@e146
    
    ANSYS 10.0有限元分析自学手册/邓凡平编著.-北京:人民邮电出版社,2007
    455页;26cm+附光盘2片
    
    
    ISBN 978-7-115-15405-7:CNY49.00
    本书介绍了利用ANSYS 10.0进行有限元分析的相关基础知识,包括ANSYS 基本流程、实体建模、划分网格、加载与求解、通用后处理、时间历程后处理以及ANSYS 高级操作等内容。
●
相关链接 在E读中查询图书 在五车中查询图书 在当当中查询图书 在豆瓣中查询图书


正题名:ANSYS 10.0有限元分析自学手册     索取号:O241.82/146         预约/预借

序号 登录号 条形码 馆藏地/架位号 状态 备注
1 0523968   205239687   第二样本阅览室/ [索取号:O241.82/146] 在馆    
2 0523969   205239696   第三借阅区/ [索取号:O241.82/146] 在馆    
3 0523970   205239703   第三借阅区/ [索取号:O241.82/146] 在馆    

本书有关联资源:

1 .光盘  /ISO  :ANSYS 10.0有限元分析自学手册1 / 下载
2 .光盘  /ISO  :ANSYS 10.0有限元分析自学手册2 / 下载
唐山师范学院图书馆 欢迎您!
大连网信软件有限公司© 版权所有